The Morning Show Characters By Picture - Statistics

General Stats
  • This quiz has been taken 9 times
  • The average score is 10 of 16
Answer Stats
Picture Answer % Correct
Alex Levy
100%
Bradley Jackson
100%
Cory Ellison
100%
Mitch Kessler
100%
Charlie "Chip" Black
88%
Mia Jordan
88%
Laura Peterson
75%
Stella Bak
75%
Claire Conway
63%
Hannah Shoenfeld
63%
Yanko Flores
63%
Paul Marks
50%
Daniel Henderson
25%
Christine Hunter
13%
Jason Craig
0%
Ty Fitzgerald
0%
No matching quizzes found
Score Distribution
Percent of People with Each Score
Percentile by Number Answered
Your Score History
You have not taken this quiz